Pays qui commencent par la lettre I - Statistiques

Statistiques générales
  • Ce quiz a été pris 1 234 fois
  • Le résultat moyen est 7 sur 8
Statistiques - réponses
Continent Pays % Correct
Europe Irlande
95%
Europe Islande
94%
Europe Italie
93%
Asie Inde
90%
Asie Indonésie
88%
Asie Irak
82%
Asie Iran
82%
Asie Israël
68%
Aucun quiz correspondant
Distribution des résultats
% des personnes avec chaque résultat
Percentile par nombre de réponses
Votre historique - résultats
Vous n’avez pas pris ce quiz